<?xml version="1.0" encoding="UTF-8"?>
<record
    xmlns:xsi="http://www.w3.org/2001/XMLSchema-instance"
    xsi:schemaLocation="http://www.loc.gov/MARC21/slim http://www.loc.gov/standards/marcxml/schema/MARC21slim.xsd"
    xmlns="http://www.loc.gov/MARC21/slim">

  <leader>01246    a2200253   4500</leader>
  <controlfield tag="003">DO-SdUA</controlfield>
  <controlfield tag="005">20250325093543.0</controlfield>
  <controlfield tag="008">      s2022    dr a|| |||| 0 |a||0|spa d</controlfield>
  <datafield tag="040" ind1=" " ind2=" ">
    <subfield code="a">DO-SdUA</subfield>
    <subfield code="b">spa</subfield>
    <subfield code="c">DO-SdUA</subfield>
  </datafield>
  <datafield tag="041" ind1="0" ind2=" ">
    <subfield code="a">spa</subfield>
  </datafield>
  <datafield tag="092" ind1=" " ind2=" ">
    <subfield code="a">MA-PPGE 0046 FCE 2022</subfield>
  </datafield>
  <datafield tag="100" ind1="1" ind2=" ">
    <subfield code="a">Hern&#xE1;ndez Rodr&#xED;guez, Yudith Inmaculada</subfield>
  </datafield>
  <datafield tag="245" ind1="1" ind2="3">
    <subfield code="a">El juego en la iniciaci&#xF3;n de la lectura y escritura de los ni&#xF1;os de preprimario del nivel inicial en el Centro Educativo La Destiladera, Municipio La Vega, a&#xF1;o escolar 2020-2021 / </subfield>
    <subfield code="c">Yudith Inmaculada Hern&#xE1;ndez Rodr&#xED;guez.</subfield>
  </datafield>
  <datafield tag="260" ind1=" " ind2=" ">
    <subfield code="a">Concepci&#xF3;n de La Vega :</subfield>
    <subfield code="b">UASD,</subfield>
    <subfield code="c">2022.</subfield>
  </datafield>
  <datafield tag="300" ind1=" " ind2=" ">
    <subfield code="a">vi, 138, h. :</subfield>
    <subfield code="b">il.</subfield>
  </datafield>
  <datafield tag="502" ind1=" " ind2=" ">
    <subfield code="a">Tesis y trabajo de grado (Maestr&#xED;a en Procesos Pedag&#xF3;gicos y Gesti&#xF3;n de la Educaci&#xF3;n Infantil)--Universidad Aut&#xF3;noma de Santo Domingo, Concepci&#xF3;n de La Vega , 2022.</subfield>
  </datafield>
  <datafield tag="504" ind1=" " ind2=" ">
    <subfield code="a">Incluye referencias bibliogr&#xE1;ficas y anexos.</subfield>
  </datafield>
  <datafield tag="650" ind1=" " ind2="7">
    <subfield code="a">Actividades creativas y trabajo de clase</subfield>
    <subfield code="2">lemb</subfield>
    <subfield code="9">630</subfield>
  </datafield>
  <datafield tag="650" ind1=" " ind2="7">
    <subfield code="a">Comprensi&#xF3;n de lectura</subfield>
    <subfield code="2">lemb</subfield>
    <subfield code="9">6341</subfield>
  </datafield>
  <datafield tag="650" ind1=" " ind2="7">
    <subfield code="a">Escritura</subfield>
    <subfield code="2">lemb</subfield>
    <subfield code="9">11946</subfield>
    <subfield code="x">Ense&#xF1;anza</subfield>
  </datafield>
  <datafield tag="650" ind1=" " ind2="7">
    <subfield code="a">Educaci&#xF3;n preescolar</subfield>
    <subfield code="2">lemb</subfield>
    <subfield code="9">10519</subfield>
    <subfield code="x">Investigaciones</subfield>
  </datafield>
  <datafield tag="830" ind1=" " ind2=" ">
    <subfield code="a">Tesis y disertaciones acadm&#x30C;icas (Universidad Autn&#x324;oma de Santo Domingo)</subfield>
  </datafield>
  <datafield tag="942" ind1=" " ind2=" ">
    <subfield code="2">cl</subfield>
    <subfield code="c">T</subfield>
    <subfield code="n">0</subfield>
  </datafield>
  <datafield tag="999" ind1=" " ind2=" ">
    <subfield code="c">13094</subfield>
    <subfield code="d">13094</subfield>
  </datafield>
</record>
